000 01007nam a2200265Ia 4500
003 OSt
005 20220923211301.0
006 a|||||r|||| 00| 0
007 ta
008 220922b |||||||| |||| 00| 0 hin d
020 _a9788179171318 (hbk)
_c475
024 _a285,040
037 _b28, 02/02/2015, P. K. Books
_cTextual
040 _aARTS
_cARTS
_bhin
041 _2hin
_ahin
082 _aV2,4N20xN09, 152Q3
100 _aनंबूदिरिपाद, ई. एम. एस.
_9160159
245 0 _aएक भारतीय कम्युनिस्ट की स्मृतियां
246 _aEk bhāratīya kamyunisṭa kī smṛutiyāan
260 _aदिल्ली
_b ग्रंथ शिल्पी
_c2013
300 _a240पृ.
_ccm.
650 _aविश्व-इतिहास
942 _hV2,4N20xN09, 152Q3
_cTEXL
_2CC
999 _c298124
_d298124